The University and the city : from medieval origins to the present
Saved in:
| Other Authors: | |
|---|---|
| Format: | Book |
| Language: | English |
| Published: |
Oxford :
Oxford University Press,
1988
|
| Subjects: | |
| Tags: |
Add Tag
No Tags, Be the first to tag this record!
|
MARC
| LEADER | 00000nam a2200000 i 4500 | ||
|---|---|---|---|
| 001 | 1/92501 | ||
| 008 | 940127s1988 eng d | ||
| 020 | |a 0-19-506775-4 | ||
| 035 | |l 10008493 | ||
| 040 | |a GR-MY-UA |b gre |e aacr | ||
| 041 | 0 | |a eng | |
| 082 | 0 | |a 378.009 | |
| 245 | 1 | 4 | |a The University and the city : |b from medieval origins to the present / |c Edited by Thomas Bender |
| 260 | |a Oxford : |b Oxford University Press, |c 1988 | ||
| 300 | |a 316 p. | ||
| 504 | |a Includes bibliographical references and index | ||
| 650 | 0 | 0 | |a Urban universities and colleges |x History |x Congresses. |
| 650 | 0 | 0 | |a Urban and town life |x History |x Congresses. |
| 700 | 1 | |a Bender, Thomas. |4 edt | |
| 852 | |a INST |b LESVOS |e 19940127 |h 378.009 UNI |p 005100003990 |q 005100003990 |t BK |y 0 | ||
| 909 | |a Λ |b 033890 | ||